| 000 | 00849nam a2200193 a 4500 | ||
|---|---|---|---|
| 003 | AM-YeHGA | ||
| 040 | _aAM-YeHGA | ||
| 090 | _c435543 | ||
| 005 | 20250617155445.0 | ||
| 008 | 180330s1958 ru |||||rf||||000|0|rus|| | ||
| 041 | 0 | _arus | |
| 245 | 0 | 0 |
_aДальнее поле : _bПроза. Стихи. Пьеса. Литературная критика : [Лит.-худож. сборник] / _cСмол. отд-ние Союза писателей СССР. |
| 260 |
_aСмоленск : _bКн. изд-во, _c1958. |
||
| 300 |
_a259 с. ; _c22 см. |
||
| 650 | 1 | 4 |
_aХудожественная литература _xПроза |
| 653 | 0 | _aХудожественная литература - Стихи - Сборники | |
| 710 | 2 | _aСмоленское отделение Союза писателей СССР | |
| 942 |
_2udc _cBK |
||
| 999 |
_c432942 _d432942 |
||